Brawl Stars: April Fool's Skins by Picture - Statistics

General Stats
  • This quiz has been taken 135 times
    11 since last reset
  • The average score is 5 of 6
Answer Stats
Picture Hint Answer % Correct
2025 Egg Pam
100%
2025 Egg Rico
100%
2024 Poop Spike
100%
2026 Bruce Nita
78%
2026 Ywolg
67%
2026 Inflatable Melodie
22%
No matching quizzes found
Score Distribution
Percent of People with Each Score
Percentile by Number Answered
Your Score History
You have not taken this quiz since the last reset